| 000 | 00354 a2200145 4500 | ||
|---|---|---|---|
| 001 | 82048 | ||
| 082 | _a629.8'3 PHI | ||
| 090 |
_c39882 _d39882 |
||
| 100 | _aPhilips, C L | ||
| 245 |
_aFeedback control systems 3rd Ed _hEnglish |
||
| 250 | _a3 | ||
| 260 |
_aNY _bPrentice-Hall _c1996 |
||
| 300 |
_a700p. _bPhotocopy |
||
| 500 | _aAvionics Textbook | ||
| 942 |
_aNUST-CAE _k629.8'3 PHI _cAV |
||
| 999 |
_c317121 _d317121 |
||